Statistics for Theodo's Driving Quiz

Click here to take the quiz!

General Stats

  • This quiz has been taken 32 times
  • The average score is 16 of 27

Answer Stats

QuestionAnswer% Correct
Για οικονομικότερη οδήγηση σε δρόμο χωρίς κλίση :Χρησιμοποιείτε την κατα περίπτωση μεγαλύτερη σχέση μετάδοσης με σταθερή ταχύτητα
82%
Οδηγώντας το αυτοκίνητο σας με σχάρα στην οροφή ακόμα και χωρίς φορτίο :Αυξάνεται η κατανάλωση καυσίμου
79%
Οικονομική οδήγηση επιτυγχάνεταιΜε την σωστή πίεση των ελαστικών
79%
Για να περιορίσετε την κατανάλωση καυσίμωνΝα κρατάτε όσο γίνεται σταθερή ταχύτητα
79%
Πότε έχετε αυξημένη κατανάλωση καυσίμου?Με ανοικτά παράθυρα
75%
Η χρήση του κλιματιστικού στο όχημα σαςΑυξάνει την κατανάλωση του καυσίμου
71%
Πως μπορείτε να μεταφέρετε κατα το δυνατόν ασφαλέστερα με το επιβατηγό σας αυτοκίνητο ένα μικρό παιδίστο πίσω κάθισμα, σε ένα εγκεκιρμμενου τύπου, για το σκοπό αυτό, παιδικό καιθσμα
68%
Τι μπορεί να συμβεί εάν επιβάτες που κάθονται στο πίσω κάθισμα, δεν χρησιμοποιούν τις υπάρχουσες ζώνες ασφαλείαςΣε μια σύγκρουση δημιουργούν για τον οδηγό και τον συνοδηγό ένα πρόσθετο κίνδυνο ταυματισμου
64%
Τι πρέπει να προσέχει ο οδηγός κατα τη χρησιμοποίηση του καθρέπτη ενός επιβατηγουοι καθρέπτες πρέπει να είναι προσαρμοσμένοι στον εκάστοτε οδηγό .
64%
Ο θόρυβος που προκαλείται από τα αυτοκίνηταΜπορεί να μειωθεί με σωστή οδήγηση, αποφεύγοντας απότομα φρεναρίσματα και επιταχύνσεις
64%
Η ατμοσφαιρική ρύπανση που προκαλείται από πετρελαιοκίνητα οχήματαΑυξάνεται εάν υπάρχει βλάβη στο σύστημα τροφοδοσίας
61%
Η χρήση ζώνης ασφαλείας είναι απαραίτητη και από τους επιβάτες των πίσω καθισμάτωνναι, γιατί δεν προστατεύονται σε περίπτωση ατυχηματως
61%
Η ρύπανση που προκαλείται από τα οχήματα με βενζινοκινητήραΜπορεί να οφείλεται σε κακή ρύθμιση της ανάφλεξης
61%
Τι πρέπει να προσέχει ο οδηγός κατα τη χρησιμοποίηση των καθρεπτών ενός επιβατηγουσε μια ορισμένη περιχη , νεκρή γωνία, ειναι δυνατόν να μην είναι ορατά αυτοκίνητα που προσπερνούν
57%
Έχετε ένα αυτοκίνητο νέας τεχνολογίας και κατεβαίνετε κατηφόρα. Πότε θα καταναλώσετε λιγότερο καύσιμο ?Αφήνοντας το γκάζι και έχοντας επιλέξει την κατάλληλη σχέση στο κιβώτιο ταχυτήτων
57%
Σε ποιες περιπτώσεις έχετε υποχρεβση να χρησιμοποιήσετε τους δείκτες αλλαγης κατευθυνσεως , φλας , του οχήματος σαςπριν από κατά αλλαγή κατευθυνσεως η ελιγμό
57%
Σε ποση απόσταση τουλάχιστον πρέπει να φωτίζουν επαρκως την οδό, με συνθήκες αίθριας, κατα τι νύκτα τα φώτα πορείας , μεγάλα, του αυτοκινήτου100 μ
54%
Οδηγείτε με την 4η ταχύτητα, ο κινητήρας δυσκολεύεται ή σκορτσάρει και κινδυνεύει να σταματήσει εντελώς τότεΠερνάτε στην 3η ταχύτητα
54%
Όταν περιμένετε να ανάψει το πράσινο φως του σηματοδότηΈχετε το μοχλό ταχυτήτων στη νεκρά και πιέζετε τον μοδομοχλο της πέδης , φρένο δηλαδή
50%
Για να μειώσετε τον θόρυβο των μηχανοκίνητων οχημάτων είναι απαραίτητοΝα αποφεύγετε να πατάτε γκάζι όταν το όχημα είναι σταματημένο
50%
Σε κανονική πορεία που δεν απαιτείται συχνη αλλαγή ταχυτήτων ,το αριστερό πόδιμένει ακίνητο στα αριστερά του ποδομοχλου
46%
Εάν συγκρίνετε το τιμόνι με την αριθμημένη οθόνη ενός ωρολογίου με δείκτες, η σωστή θέση των χεριών, σε ευθεία πορεία, τοποθετείται στιςΕννέα και τέταρτο ως δέκα και δέκα
46%
ο ήχος που εκπέμπεται από το ηχητικο ορηανο του οχήματος, κόρνα, πρέπει να είναισυνεχής με ίδιο τόνο
46%
Για να αποφεύγετε τις εκπομπές θορύβων κα΄τα την διάρκεια της κυκλοφορίας, πρέπειΝα αποφεύγετε να φρενάρετε απότομα, εάν δεν είναι απόλυτων απαραίτητο
46%
ποια είναι τα φώτα διασταυρώσεως του αυτοκινήτουτα φώτα που έχουν εμβελιεα τουλάχιστον 40μ
46%
όταν δεν λειτουργούν τα φώτα τροχοπεδησεως του οχήματος σας, με ποιον τροπο οφείλετε να ειδοποιήσετε αυτόν που ακολουθεί, ότι έχετε πρόθεση να σταθμευσετεκάμπτοντας το βραχιονα προς τα κάτω
29%
Για να μειωθεί η μόλυνση του αέρα που προκαλείται από την κυκλοφορία των βενζινοκίνητων οχημάτων, πρέπειΝα αποφεύγετε την παρατεταμένη χρήση χαμηλών σχέσεων μετάδοσης
25%

Score Distribution

Percentile by Number Answered

Percent of People with Each Score

Your Score History

You have not taken this quiz